[Event "Interpolis-02"]
[Site "Tilburg"]
[Date "1978.09.07"]
[Round "6"]
[White "Portisch, Lajos"]
[Black "Browne, Walter Shawn"]
[Result "1-0"]
[WhiteElo "2630"]
[BlackElo "2550"]
[Annotator "Ftacnik,L"]
[PlyCount "71"]
[EventDate "1978.09.01"]
[EventType "tourn"]
[EventRounds "11"]
[EventCountry "NED"]
[EventCategory "14"]
[SourceTitle "MCL"]
[Source "ChessBase"]
[SourceDate "1999.07.01"]
[SourceVersion "1"]
[SourceVersionDate "1999.07.01"]
[SourceQuality "1"]

1. d4 Nf6 2. c4 e6 3. Nc3 Bb4 4. e3 O-O 5. Be2 c5 6. Nf3 d5 7. O-O cxd4 8. exd4
dxc4 9. Bxc4 b6 10. Bg5 (10. Re1) (10. Qe2 Bb7 11. Rd1 Nbd7 12. Ne5 $5 (12. Bd2
$5 Rc8 13. Ba6 Bxa6 14. Qxa6 Bxc3 15. bxc3 Rc7 16. Rac1 Qc8 17. Qa4 Rc4 $1 18.
Qxa7 Qc6 19. Qa3 Rc8 20. h3 h6 21. Rb1 Ra4 $15 {Taimanov-Karpov, Moskva 1973})
12... Rc8 13. Bg5 Bxc3 14. bxc3 Qc7 15. Bb5 $1 Nxe5 16. dxe5 Ne4 17. Rd7 Nxc3
18. Qe3 $1 Qc5 $1 19. Qxc5 Rxc5 20. Be7 Rxb5 21. Bxf8 Kxf8 22. Rxb7 Rxe5 23.
Rxa7 g5 $1 $10 {Minev-Iskov, Bern 1977}) 10... Bb7 11. Re1 Bxc3 12. bxc3 Nbd7
13. Bd3 Rc8 14. Rc1 Qc7 15. Bh4 $1 $146 (15. c4 Rfe8 16. Qe2 h6 17. Bd2 (17.
Bh4 Nh5 $5) 17... Bxf3 $1 18. Qxf3 e5 $1 19. Qg3 $2 {Portisch-Karpov, Bogojno
1978} (19. d5 Nc5 20. Bf1)) 15... Qc6 (15... Nh5 $6 16. Ng5 (16. Bxh7+ $5)) (
15... Rfe8 $5 16. Bg3) 16. c4 Nh5 $6 (16... Rfe8) (16... h6 $5) 17. d5 Qc5 (
17... exd5 $2 18. Nd4 $1 $18) 18. Ng5 Nhf6 (18... Ndf6 $2 19. Nxh7 $1) (18...
g6 19. Nxh7 (19. dxe6)) 19. dxe6 fxe6 20. Nxe6 Qc6 21. Bf1 Rfe8 22. Nd4 Rxe1
23. Qxe1 Qe4 24. Qxe4 Nxe4 25. f3 $18 Nd2 26. Be2 Ne5 27. Rc2 $1 Nb1 (27...
Nexc4 $2 28. Nb3 Nxb3 29. Bxc4+ $1) (27... Ndxc4 $2 28. f4 $1) 28. Nb5 $1 Ba6
29. a4 Bxb5 30. axb5 Na3 31. Ra2 Naxc4 (31... Nexc4 $5 32. Be7 Re8 $1 (32...
Nb1 33. Rc2 Nbd2 34. Bb4) 33. Bxa3 (33. Bxc4+ $5) 33... Nxa3 34. Bd3 $5 Nb1 $1
35. Rxa7 $1 $18) 32. Bg3 Rc5 (32... Nf7 33. Rxa7) 33. Rc2 {/\f4} g5 34. Bf2 Na3
(34... Rc7 35. Bd4 {/\Be5}) 35. Rxc5 bxc5 36. Bxc5 $138 1-0

[Event "Frankfurt"]
[Site "Frankfurt"]
[Date "1990.??.??"]
[Round "?"]
[White "Zsinka, Laszlo"]
[Black "Kohlweyer, Bernd"]
[Result "1-0"]
[WhiteElo "2370"]
[BlackElo "2395"]
[Annotator "Ftacnik,L"]
[PlyCount "31"]
[EventDate "1990.??.??"]
[EventType "tourn"]
[EventRounds "13"]
[EventCountry "GER"]
[EventCategory "7"]
[SourceTitle "CBM 020"]
[Source "ChessBase"]
[SourceDate "1991.02.01"]
[SourceVersion "1"]
[SourceVersionDate "1991.02.01"]
[SourceQuality "1"]

1. d4 Nf6 2. c4 e6 3. Nc3 Bb4 4. e3 c5 5. Bd3 O-O 6. Nf3 d5 7. O-O cxd4 8. exd4
dxc4 9. Bxc4 b6 10. Bg5 Bb7 11. Rc1 Nbd7 12. Qe2 Rc8 13. Ne5 Bxc3 (13... Be7)
14. Rxc3 Bd5 $6 (14... Qe8 $1 $14) 15. Bxd5 Rxc3 $2 (15... exd5 16. Nxd7 Qxd7 (
16... Rxc3 17. Nxf6+ gxf6 18. Bh6 $18) 17. Bxf6 Rxc3 18. bxc3 $14) 16. Nxf7 $1
{Ftacnik,L} (16. Nxf7 $1 Rxf7 (16... Kxf7 17. Bxe6+ Kg6 18. Bxf6 $18) 17. Qxe6
Qf8 18. Qxf7+ Qxf7 19. Bxf7+ Kxf7 20. bxc3 $18) 1-0

[Event "Solin 13th"]
[Site "Solin"]
[Date "2005.12.16"]
[Round "9"]
[White "Lugovoi, Aleksei"]
[Black "Jovanic, Ognjen"]
[Result "1-0"]
[WhiteElo "2547"]
[BlackElo "2469"]
[Annotator "Gavrikov,V"]
[PlyCount "103"]
[EventDate "2005.12.09"]
[EventType "tourn"]
[EventRounds "11"]
[EventCountry "CRO"]
[EventCategory "11"]
[SourceTitle "CBM 111"]
[Source "ChessBase"]
[SourceDate "2006.04.04"]
[SourceVersion "1"]
[SourceVersionDate "2006.04.04"]
[SourceQuality "1"]

1. d4 Nf6 2. c4 e6 3. Nc3 Bb4 4. e3 O-O 5. Bd3 d5 6. Nf3 c5 7. O-O dxc4 8. Bxc4
Bd7 ({An old idea of Bronstein.Black is going to develop his bishop on c6 but
more natural is the continuation} 8... cxd4 9. exd4 b6) 9. Qe2 Bc6 10. Rd1 Qe7
({In the event of} 10... Nbd7 {White can claim an advantage by} 11. d5 $1 (11.
Bd2 Rc8 12. a3 Bxc3 13. Bxc3 Ne4 14. Be1 Qf6 15. dxc5 Ndxc5 16. Nd4 {1/2-1/2
Spassky,B-Taimanov,M/Tallinn 1975/MCD (30)} Ba4 17. b3 Bd7 $13) 11... exd5 12.
Nxd5 Nxd5 13. Bxd5 Qc7 (13... Bxd5 14. Rxd5 Qc7 15. e4 Nb6 16. Rh5 c4 17. Be3
$16 {1-0 Portisch,L-Lengyel,L/Budapest 1962/EXT 2000/(28)}) 14. Bxc6 (14. e4 $5
) 14... Qxc6 15. a3 Ba5 16. b4 $5 {0-1 Beliavsky,A-Kortschnoj,V/Paks 2004/CBM
102(39)} Bb6 (16... cxb4 17. Nd4 $44) 17. Bb2 $14) ({also insufficient for
equality is} 10... Bxf3 11. Qxf3 Nc6 12. a3 $1 Bxc3 13. bxc3 e5 (13... Qa5 14.
Bb2) 14. dxc5 $5 Qa5 15. e4 Qxc5 16. Bd5 Nxd5 17. exd5 Na5 18. d6 $1 {1-0
Janosevic,D-Dely,P/Skopje 1967/MCD (31)}) 11. a3 ({Less dangerous for Black is
} 11. Ne5 Rd8 12. a3 Ba5 13. dxc5 Rxd1+ 14. Nxd1 Qxc5 15. Nxc6 Qxc6 16. b4 Bc7
17. Bb2 Nbd7 {1/2-1/2 Taimanov,M-Reshevsky,S/Buenos Aires 1960/MCD (24)}) 11...
Ba5 ({Dubious is} 11... Bxc3 $6 12. bxc3 Nbd7 13. a4 Rfc8 14. Bb3 Qe8 15. c4
cxd4 16. exd4 $16 {1-0 Gligoric,S-Taimanov,M/Montilla 1977/MCD (50)}) 12. Bd2
Bb6 (12... Bxf3 13. Qxf3 Nc6 14. dxc5 Qxc5 15. Bf1 Qe5 16. g3 Rfd8 17. Rac1 $14
{1-0 Kortschnoj,V-Matanovic,A/Palma de Mallorca 1968/MCD (55)}) 13. dxc5 Qxc5
14. Nd4 $1 $146 ({Lugovoi has a goog understanding of Nimzo-Indian positions
and demonstrates a better idea than} 14. b4 {1-0 Iotov,V-Cheparinov,N/Plovdiv
2004/CBM 098 ext (38)} {when Black could react with} Qh5) 14... Qg5 15. Nxc6
Nxc6 16. Bd3 $14 {Now Black has to reckon with the manoeuvre Nc3-e4.} Qh4 17.
Be1 Ng4 (17... Rfd8 $142) 18. h3 Nge5 19. Bc2 a6 20. Rac1 g5 $2 {This try to
create counterplay only weakens Black´s position and changes the situation
from slightly worse to hopeless.} 21. Ne4 Qh6 ({Perhaps only now Black noticed
that after} 21... f5 $2 {wins} 22. f4 $1 Qxf4 $140 $2 23. Bf2) 22. Qh5 $1 {
Forcing the exchange of queens after which the ending represents best winning
chances for White.} Qxh5 23. Nf6+ Kh8 24. Nxh5 {[%cal Ge1c3,Gc3h8,Gh5f6]} Rad8
25. Bc3 f6 26. Rxd8 {Allows Black to prolong the resistance.} ({Simpler was} 
26. Bb3 $1) 26... Bxd8 27. Rd1 (27. Bb3 $5) 27... Be7 28. Bb3 Rd8 29. Rxd8+ (
29. Rf1) 29... Nxd8 30. f4 gxf4 31. exf4 $5 {[%cal Gc3h8]} ({White could win a
pawn by} 31. Nxf4 {but the text is probably stronger and drives away black
knight from e5-square.}) 31... Nd7 32. g4 Kg8 33. f5 {[%cal Gb3g8]} Kf7 ({Or} 
33... Nc5 34. Ba2) 34. Nf4 Nf8 35. Kg2 Bd6 36. Kf3 Ke7 37. fxe6 Bxf4 38. Kxf4
Nfxe6+ $6 (38... Ng6+ $142 39. Kg3 (39. Kf5 Nh4+ 40. Ke4 Nxe6) 39... Nxe6) 39.
Kf5 Ng7+ 40. Ke4 Nc6 41. g5 f5+ ({If} 41... Ne8 {then} 42. gxf6+ Nxf6+ 43. Kf5
Ne8 44. Kg5 {followed by Kh6.}) 42. Kd5 Ne6 43. Bf6+ Kd7 44. Bc2 Nc7+ ({
Also loses} 44... Ne7+ 45. Bxe7 Kxe7 46. h4 Nf4+ 47. Ke5 Ng6+ 48. Kxf5 Nxh4+
49. Kg4 Ng6 50. Kh5) ({or} 44... Nf4+ 45. Kc5 Ke6 46. Bb3+ Kd7 47. Bg8) 45. Kc5
f4 46. Bf5+ Ke8 47. Bxh7 f3 48. Bd3 Ne6+ 49. Kd5 Kf7 (49... Nf4+ 50. Ke4 $18)
50. Ke4 Nc5+ 51. Ke3 Ne7 52. Bc4+ 1-0

[Event "Bundesliga 0405"]
[Site "Germany"]
[Date "2005.02.12"]
[Round "10.5"]
[White "Beliavsky, Alexander G"]
[Black "Volke, Karsten"]
[Result "1/2-1/2"]
[WhiteElo "2660"]
[BlackElo "2483"]
[Annotator "Gavrikov,V"]
[PlyCount "107"]
[EventDate "2004.11.12"]
[EventType "team-tourn"]
[EventRounds "15"]
[EventCountry "GER"]
[SourceTitle "CBM 106"]
[Source "ChessBase"]
[SourceDate "2005.06.06"]
[SourceVersion "1"]
[SourceVersionDate "2005.06.06"]
[SourceQuality "1"]
[WhiteTeam "Porz"]
[BlackTeam "Kreuzberg"]
[WhiteTeamCountry "GER"]
[BlackTeamCountry "GER"]

1. d4 Nf6 2. c4 e6 3. Nc3 Bb4 4. e3 O-O 5. Bd3 d5 6. Nf3 c5 7. O-O cxd4 8. exd4
dxc4 9. Bxc4 b6 10. Bg5 Bb7 11. Ne5 {White choose this line usually when he is
willing to make a draw.} ({The main alternatives are:} 11. Rc1 Nbd7 12. Re1 (
12. Qe2 Rc8 13. Ne5 Be7 14. Rfd1 Nd5 15. Bxd5 Bxd5 16. Bxe7 {1/2-1/2 Lugovoi,
A-Loginov,V/St Petersburg 2004/CBM 101 (16)}) 12... Rc8 13. Qb3 Bxc3 14. Rxc3
h6 15. Bh4 Bd5 (15... Qe8) 16. Bxd5 Rxc3 17. Qxc3 (17. bxc3 exd5 18. Ne5 Re8
$11) 17... Nxd5 18. Bxd8 Nxc3 19. Bxb6 Nxa2 20. Bxa7 Ra8 21. Bc5 Nxc5 22. dxc5
Rc8 23. Re5 Nb4 {1/2-1/2 Lukacs,P-Macieja,B/Budapest 1996/CBM 051 ext (23)}) (
11. Re1 Nbd7 12. Bd3 Bxc3 13. bxc3 Qc7 14. Rc1 Rfe8 15. Bh4 Rac8 16. Bg3 Qd8
17. Nd2 Nf8 18. Nc4 Qd5 19. Ne3 Qd8 20. Nc4 Qd5 $11 {1/2-1/2 Jussupow,A-Hracek,
Z/Germany 2003/CBM 097 ext (46)}) (11. Qe2 Bxc3 12. bxc3 Nbd7 13. Ne5 (13. Bd3
Qc7 14. Rfc1 Rfe8 15. Bh4 Nh5 $1 16. Bg3 Nxg3 17. hxg3 Rac8 18. Bb5 Red8 $132 {
1/2-1/2 Rozentalis,E-Karpov,A/Germany 1994/GER-chT (78)}) 13... Qc7 14. Nxd7
Nxd7 15. Rac1 Qc6 (15... Rfe8) 16. f4 $5 (16. f3 Rac8 17. Bd3 Qd6) 16... Rac8
17. Bd3 Qd5 {(/\Rc3)} 18. Rf2 f5 19. Qe3 Nf6 20. Bxf6 Rxf6 21. c4 {1/2-1/2
Kharlov,A-Dautov,R/Tripoli 2004/CBM 102/ (48)} Qd7 22. Rd2 Rg6 23. Bf1 $13)
11... Bxc3 (11... Be7 $6 {is less good for Black because of} 12. Re1 Nc6 (12...
Nbd7 13. Qe2 Rc8 14. Rad1 $14) 13. Ba6 $1 Qc8 (13... Bxa6 $4 14. Nxc6 Qd7 15.
Nxe7+ Qxe7 16. Nd5 $1 $18) 14. Qf3 (14. Bxb7 Qxb7 15. Qf3 Rac8 16. Nb5 $14 {
1-0 Garza Marco,S-Gonzalez de la Nava,A/Vila Real 2001/EXT 2002 (26)}) 14...
Na5 (14... Nxe5 $2 15. Qxb7 Qxb7 16. Bxb7 Nd3 17. Bxa8 Nxe1 18. Bxf6 gxf6 19.
Be4) 15. Bxb7 Qxb7 16. Qxb7 Nxb7 17. Nc6 Bd8 (17... Bd6 18. Bxf6 (18. Nb5 a6
19. Nxd6 Nxd6 20. d5 $1 Nxd5 $140 $2 21. Ne7+) 18... gxf6 19. d5 exd5 $6 20.
Nxd5 Kg7 21. Rad1 $16 {1-0 Lesiege,A-Thorhallsson,T/Elista 1998/CBM 066 ext 
(40)}) 18. Rac1 Na5 19. Nxd8 Raxd8 20. Ne4 Rxd4 21. Nxf6+ gxf6 22. Bxf6 Rf4 23.
Bg5 $14 {1-0 Petran,P-Petrosian,A/Budapest 1991/CBM 027 (47)}) 12. bxc3 Nbd7 ({
Black mostly played} 12... Qc7 {here, when White can force the perpetual check
by} 13. Bxf6 gxf6 14. Qg4+ Kh8 15. Qh4 fxe5 16. Qf6+ Kg8 17. Qg5+) 13. Nxd7
Qxd7 14. Bxf6 gxf6 15. Re1 ({If White attacks the f6-pawn by} 15. Qg4+ Kh8 16.
Qh4 {Black continues} Qd8 17. Rfd1 f5 18. Qf4 Qf6 19. Bf1 Rg8 20. Rd3 Rac8 21.
a4 Ba6 {'1/2-1/2 Volke,K-Antonio,R/Biel op 1993/TD 93\07'}) ({Probably more
reasonable is the continuation} 15. d5 Bxd5 16. Qg4+ Kh8 17. Qh4 (17. Qd4 Qd8
18. Bxd5 exd5 19. Rfe1 Rc8 $132 {0-1 Simonet Pons,M-Schandorff,L/Bled 2002/EXT
2003 (42)}) {which leads to a draw after} 17... Bxc4 18. Qxf6+ {'1/2-1/2
Babula,V-Polgar,J/Bled 2002/EXT 2003 (18)'}) 15... Kh8 ({Of course not} 15...
Bxg2 $4 16. Kxg2 Qc6+ 17. Kh3 Qxc4 18. Rg1+ Kh8 19. Qf3 f5 20. Qg3 $18) 16. Bf1
Rad8 ({More promising looks} 16... Rg8 17. Re3 Rad8 18. Qe2 Qc6 19. f3 Qc7 20.
Qf2 Qf4 21. Rb1 Rd5 22. g3 Ra5 {1/2-1/2 Lin Weiguo-Alterman,B/Beijing 1997/CBM
061/ (48)}) 17. Qg4 Rg8 18. Qh4 Rg6 19. Re3 Qd5 20. f3 Rdg8 21. a4 Qb3 22. Qf2
Ba6 23. c4 $6 {Now White´s central pawns become vulnerable.} ({Undoubtedly
stronger was the exchange of queens} 23. Qa2 $1 Qxa2 24. Rxa2 Bxf1 25. Kxf1 Rg5
26. g3 {because the attempt to win the a4-pawn is risky for Black:} Ra5 27. Ke2
b5 $6 28. Kd3 bxa4 29. Re1 $16) 23... Qb4 24. Qc2 Qd6 25. Rd1 Bb7 26. Qf2 Rh6
27. g3 Rh5 28. Rc3 Ra5 29. Ra1 Qb4 30. Rca3 Bc6 31. Qe3 Qd6 $1 (31... Rxa4 $2
32. Rxa4 Bxa4 33. Qa3 $16) (31... Bxa4 $6 32. Bd3 f5 33. d5 $36) 32. R3a2 Rf5 (
32... Rd8 $5) 33. Rf2 ({Or} 33. Bg2 Rd8 34. Rd2 Qb4 35. Rc2 Bxa4 36. Rca2 Be8
$15) 33... Rd8 (33... Rxf3 $5 34. Rxf3 Bxf3 35. c5 Qd8 $15) 34. a5 Qxd4 35.
Qxd4 Rxd4 36. axb6 axb6 $15 37. f4 Ra5 38. Rb1 Be4 39. Rc1 (39. Rxb6 $4 {
allows the decisive pin} Ra1 40. c5 Rdd1) 39... Kg7 40. Rb2 Rd6 41. Kf2 Ra3 42.
Be2 e5 43. c5 bxc5 44. fxe5 fxe5 45. Rxc5 f6 (45... Rh6 46. h4 Rf6+ 47. Ke1 Re6
48. g4) 46. Rcb5 Ra1 47. Ke3 Bg6 48. Rb7+ Kh6 49. R7b6 Ra3+ 50. Kf2 Rxb6 51.
Rxb6 Kg7 52. Rb7+ Kh6 53. Rb6 Kg7 54. Rb7+ 1/2-1/2

[Event "Benasque"]
[Site "Benasque"]
[Date "1995.??.??"]
[Round "4"]
[White "Lalic, Bogdan"]
[Black "Izeta Txabarri, Felix"]
[Result "1-0"]
[WhiteElo "2590"]
[BlackElo "2495"]
[Annotator "Giese"]
[PlyCount "67"]
[EventDate "1995.07.??"]
[EventType "tourn"]
[EventRounds "9"]
[EventCountry "ESP"]
[EventCategory "13"]
[SourceTitle "CBM 050"]
[Source "ChessBase"]
[SourceDate "1996.02.01"]
[SourceVersion "1"]
[SourceVersionDate "1996.02.01"]
[SourceQuality "1"]

1. d4 Nf6 2. c4 e6 3. Nc3 Bb4 4. e3 O-O 5. Bd3 c5 6. Nf3 d5 7. O-O cxd4 8. exd4
dxc4 9. Bxc4 b6 10. Bg5 Bb7 11. Rc1 Nbd7 12. Qe2 Qb8 13. Rfd1 Bxc3 14. bxc3 Rc8
15. Bd3 Nd5 16. Qd2 h6 17. Bxh6 $1 {[%csl Gd2,Gd3]} gxh6 18. Qxh6 {[%cal Gd3h7]
} Qf4 $6 (18... N5f6 $6 19. Ng5 {[%csl Gf7,Gh7]} Qf4 20. h3 $1 {[%csl Gg4]
[%cal Yg2g3]} (20. g3 $4 Qxf2+ 21. Kxf2 Ng4+ $19) 20... Nf8 (20... Be4 21. Bxe4
Nxe4 22. Qh7+ Kf8 23. Nxe4 $18) 21. g3 Qc7 22. Qxf6 $18 Qc6 23. Bh7+) (18...
Nf8 $142 $1 19. Qg5+ (19. Ng5 Qf4 20. Bh7+ Nxh7 21. Qxh7+ Kf8 22. Nxe6+ fxe6
23. Qxb7 $13) 19... Kh8 20. c4 Nb4 21. Ne5 Qc7 22. Qf6+ Kg8 23. Bb1 $40 {~/=})
19. Bh7+ Kh8 20. Ng5 Nf8 21. Bg6+ Kg8 22. Bxf7+ Qxf7 23. Nxf7 Kxf7 24. Qh5+ Ke7
25. Qg5+ $18 {[%cal Yd1d3,Yh2h4,Yd3g3]} Kf7 26. Rd3 Ne7 27. c4 Be4 28. Rg3 Nfg6
29. h4 Bf5 30. h5 Nf8 31. d5 Rc5 32. Qg7+ Ke8 33. d6 Nc6 34. Qf6 1-0

[Event "Taastrup"]
[Site "Taastrup"]
[Date "1992.??.??"]
[Round "?"]
[White "Gurevich, Mikhail"]
[Black "Hansen, Lars Bo"]
[Result "1-0"]
[WhiteElo "2635"]
[BlackElo "2535"]
[Annotator "Hansen,Cu"]
[PlyCount "87"]
[EventDate "1992.02.??"]
[EventType "tourn"]
[EventRounds "9"]
[EventCountry "DEN"]
[EventCategory "13"]
[SourceTitle "CBM 028"]
[Source "ChessBase"]
[SourceDate "1992.06.01"]
[SourceVersion "1"]
[SourceVersionDate "1992.06.01"]
[SourceQuality "1"]

1. d4 e6 2. c4 Bb4+ 3. Nc3 c5 4. e3 cxd4 5. exd4 Nf6 6. Bd3 d5 7. Nf3 O-O 8.
O-O dxc4 9. Bxc4 b6 10. Bg5 Bb7 11. Ne5 Be7 (11... Nbd7 $5 {Jusupov-Ivanchuk
Match(06) 1991}) 12. Re1 Nc6 13. Ba6 $1 Qc8 14. Bxb7 Qxb7 15. Qf3 Rac8 (15...
Na5 16. Qxb7 Nxb7 17. Nc6 Bd8 18. Rac1 $16 {Petran-Petrosjan,A Budapest 1991})
16. Rac1 $16 {/\17.Nb5/17.Bxf6 Bxf6 18.Ne4 Bxe5 19.dxe5 ><d6} Nd5 (16... Na5
17. Qxb7 Nxb7 18. Nb5 a6 19. Nc7 a5 20. Nd7 $18) 17. Nxd5 Bxg5 18. Nxc6 exd5 (
18... Bxc1 19. Nde7+ Kh8 20. Nxc8 $18) 19. Qxd5 Bxc1 20. Ne7+ Qxe7 21. Rxe7
Bxb2 22. g3 a5 23. Rd7 Rb8 24. Qb3 Bc1 25. Rd6 b5 26. Qc3 Bg5 27. Qxa5 Bf6 28.
d5 b4 29. Qa4 h6 30. Rd7 Rfe8 31. d6 Re6 32. Qa7 Rb5 33. Qa8+ Kh7 34. Qf3 $2 (
34. Rxf7 $1 Rxd6 35. Qe4+ Kg8 36. Qe8+ Kh7 37. Qxb5) 34... Rb6 35. Qd3+ Kg8 36.
Ra7 Rb8 37. d7 Rd8 38. Rc7 Kf8 39. Qb5 Ke7 40. Qxb4+ Rd6 41. Qe4+ Re6 42. Qb4+
Rd6 43. a4 Bd4 (43... R8xd7 44. Rxd7+ Kxd7 45. Qb7+ Ke6 46. a5 $18) 44. Rc4 {
Hansen,C} 1-0

[Event "Hoogovens"]
[Site "Wijk aan Zee"]
[Date "1997.02.02"]
[Round "13"]
[White "Illescas Cordoba, Miguel"]
[Black "Short, Nigel D"]
[Result "1/2-1/2"]
[WhiteElo "2635"]
[BlackElo "2690"]
[Annotator "Hansen,Cu"]
[PlyCount "87"]
[EventDate "1997.01.18"]
[EventType "tourn"]
[EventRounds "13"]
[EventCountry "NED"]
[EventCategory "16"]
[SourceTitle "CBM 057"]
[Source "ChessBase"]
[SourceDate "1997.04.01"]
[SourceVersion "1"]
[SourceVersionDate "1997.04.01"]
[SourceQuality "1"]

1. d4 {Yudasin,L Psakhis} Nf6 2. c4 e6 3. Nc3 Bb4 4. e3 {This move seems to be
coming into business again after a long period where 4. Qc2 was played almost
exclusively.} O-O 5. Bd3 d5 6. Nf3 dxc4 7. Bxc4 c5 8. O-O cxd4 9. exd4 b6 {
A line played a lot by A. Karpov in the past.} 10. Bg5 Bb7 (10... Bxc3 $5 {
Yudasin,L} 11. bxc3 Nbd7) 11. Rc1 (11. Qe2 {Psakhis} Nbd7 12. Rac1 Bxc3 $1 13.
Rxc3 (13. bxc3 Qc7 14. Bd3 Ng4 15. Be4 $10) 13... Qb8 14. Bb5 $5 {N} (14. Bh4
Ne4 15. Re3 Qf4 16. Re1 Rac8 17. Ba6 Bxa6 18. Qxa6 Nd2 19. Nxd2 Qxh4 20. Nf3
Qd8 $10 {Knaak,R-Inkiov,V/DDR - Bulgaria 1982}) 14... Qd6 {/\Ne4} 15. Rfc1 Nd5
$1 16. R3c2 Rac8 17. Ne5 Rxc2 18. Rxc2 N7f6 {1/2-1/2 Babula,V-Neverov,V/Lazne
Bohdanec 1996 (48) is not promising too much for White.}) 11... Bxc3 {Slightly
unusual I think. Could black not wait with this exchange?} (11... Nbd7) (11...
Nc6) (11... Be7 {Psakhis} 12. Qe2 Nc6 (12... Nbd7 $5) 13. Rfd1 Nb4 14. Ne5 Nbd5
15. Ba6 Bxa6 16. Qxa6 Qc8 17. Qa4 Qb7 18. Nc6 {dangerous fo Black. 1-0
Ibragimov,I-Gamundi,A/Linares op 1997 (35)}) (11... Nbd7 {Yudasin,L} 12. Qd3)
12. Rxc3 $6 (12. bxc3 $142) (12. bxc3 {Yudasin,L} Nbd7 {with Rc8 and Qc7})
12... Nc6 {[%cal Yc6b4,Yb4d5]} 13. a3 {[%cal Yh4d8] /^h4-d8 As compensation
for his isolated d-pawn white can hope to weaken blacks kingside by exploiting
the - for black - somewhat nasty pin in the diagonal h4-d8.} Rc8 (13... a6 {
Psakhis} 14. Re1 Rc8) 14. Ba2 (14. Qd3 $5 {Psakhis}) 14... Ne7 $1 (14... h6 {
Psakhis} 15. Bh4 (15. d5 exd5 16. Bxf6 Qxf6 17. Qxd5 Rcd8) 15... g5 $2 16. Nxg5
$1 hxg5 17. Bxg5 Nxd4 18. Rg3 Kh7 19. Bb1+ Nf5 20. Qa4 $18) 15. Rxc8 (15. Bxf6
{Psakhis} gxf6 $11) 15... Qxc8 ({Psakhis: Pin is very unpleasant after} 15...
Nxc8 {Psakhis} 16. Ne5 Nd6 17. Bb1 Nde4 18. Bxe4 Bxe4 19. f3 Bb7 20. Ng4 $14 {
[%cal Rg5d8] 1-0 Inkiov,V-Roos,D/BUL-FRA 1985 (48)}) 16. Bxf6 (16. Ne5 {Psakhis
} Ned5 $11) 16... gxf6 {White had to take on f6, as his setup with 12. Rxc3
would else not make any sense. However his N and B is at the moment not placed
in a way to give black any problems on the kingside.} 17. Re1 {What white
would rearly like to do would be to manouvre his N to a better square. The
best square would be e3 where it would control d5 and have access to g4.
However you can´t and get what you want.} Rd8 {Psakhis: It's looks for me that
White has to fight for equality now.} 18. Nh4 {Yudasin: better wasBb1-Be4 with
about equal position} Ng6 $1 19. Qg4 {Yudasin: threatening Nxg6 followed by
Bxe6} f5 (19... Qc2 $2 {Yudasin,L} 20. Bxe6 $1 $40) 20. Nxg6 hxg6 (20... fxg4 {
Psakhis} 21. Ne7+ Kf8 (21... Kg7 {Yudasin,L} 22. Nxc8 Rxc8 23. Bb3 $15) 22.
Nxc8 Rxc8 23. Bb1 h5 $15 {Psakhis: also very nice for Black.}) 21. Qf4 Qd7 {
The exchange of the Ns have strenghtened blacks kingside and made it more
difficult for white to protect his isolated d-pawn. But A better alternative
for white was not in sight - as his N - as earlier mentioned - was not placed
well.} (21... Qc6 $5 $15 {Yudasin,L}) 22. Rd1 Bd5 (22... Qa4 {Psakhis} 23. Qd2
$15) 23. Bxd5 $6 (23. Bb1 Bb3 24. Rd3 Bc4 25. Rd1 $15) (23. Bb1 $5 $15 {Psakhis
}) (23. Bb1 $15 {Yudasin,L}) 23... Qxd5 24. h4 {The idea of exchanging the Bs.
The d-P is sacrificed for some active play.} (24. Qc7 {Psakhis} Rd7 25. Qc8+
Kg7 {[%cal Re6e5]}) 24... e5 25. Qg5 exd4 {Psakhis: So, Nigel wonan important
pawn and his victory must be now just a question of time, but the Wijk aan Zee
tournament was very unlucky for him.} 26. h5 Qd6 (26... Rd6 {Yudasin,L} 27. Re1
) 27. Re1 (27. Rd3 {Psakhis} Re8 28. Qd2 Re4) 27... Rc8 (27... d3 $2 28. hxg6
fxg6 29. Re6 Qxe6 30. Qxd8+ Kg7 (30... Kf7 {Yudasin,L} 31. Qxd3 Qe1+ 32. Qf1
$11) 31. Qxd3 $11) 28. hxg6 fxg6 (28... Qxg6 {Yudasin,L} 29. Qh4 d3 30. Qd4)
29. g3 (29. Re7 d3 {[%cal Yd3d2,Yd2d1] White does not have time to exploit
blacks weakend Ks position. The d-P is to fast}) ({Better} 29. Qe7 {Psakhis}
Qxe7 30. Rxe7 Rc1+ 31. Kh2 Rc2 32. b4 Rxf2 33. Rxa7 {Psakhis: with drawish
chances}) 29... d3 $19 (29... Rc2 {Yudasin,L} 30. Re8+ (30. Qh6 $1 d3 (30...
Qc6 31. Qg5 $1 {[%cal Gg5d8]}) 31. Re8+ Kf7 32. Re3 $1) 30... Kf7 31. Rd8 (31.
Qd8 Qxd8 32. Rxd8 Rxb2 33. Rxd4 Ke6 $17) 31... Qc6 $19) 30. Rd1 Kf7 (30... Kg7
$2 {Yudasin,L} 31. Rxd3 $1 Qxd3 32. Qe7+ $11) (30... Rd8 $2 {Yudasin,L} 31.
Rxd3 $1 Qxd3 32. Qxg6+ $11) 31. Qh6 (31. Qe3 Rd8) 31... Re8 32. Qd2 (32. Qh7+ {
Yudasin,L} Kf6 33. Qh4+ Kg7 34. Qc4 $17) 32... Qd4 33. Qh6 (33. Qxd3 $2 Re1+ (
33... Re1+ {Psakhis} 34. Rxe1 Qxd3 $19)) 33... Re2 34. Qh7+ Kf8 35. Qh6+ Ke7
36. Qh7+ Kd8 37. Qg8+ (37. Qh4+ {Psakhis} Qxh4 38. Rxd3+ Ke7 39. gxh4 Rxb2 40.
Re3+ Kf6 {bad for White.}) 37... Kc7 38. Rc1+ Rc2 39. Rf1 Rxf2 $4 {Psakhis: I
suspect, Nigel could make this move just in terrible time tronble.  (+) ? A
most unbeliveable mistake Yudasin: just giving an 1/2 point,after d2 black
should win without big difficulties} (39... d2 {[%cal Rd2d1,Rc2c1] would win
very easy /\ 40. - d1(Q)//\40. - Rc1} 40. Qf7+ (40. Rd1 {Psakhis} Rc1 41. Qf7+
Qd7 $19) 40... Qd7 (40... Kb8 {Yudasin,L} 41. Qe8+ Rc8 42. Qe2 Rc1 43. Qe8+ Kc7
44. Qe7+ Qd7 45. Qe5+ Qd6 46. Qg7+ Kc6)) 40. Rxf2 d2 41. Qf7+ Kb8 42. Qe8+ Kb7
43. Qe7+ Kb8 (43... Ka6 $2 44. Qe2+ $18) 44. Qe8+ 1/2-1/2